History Quiz

Random History or Famous Quiz

Famous Historical 'T' First Names Quiz Stats

Quiz Updated Apr 17, 2016

Challenge
Share
Tweet
Embed
Score 0/30 Timer 05:00
21 Plays Today
% Correct
Theodore
98.9%
Tiger
98.9%
Tina
98%
Thomas
97.4%
Tony
95.3%
Truman
90%
Tennessee
89.6%
Tammy
84.6%
Tatum
82.2%
Ty
80%
Troy
78.8%
Tiberius
78.5%
Terry
77.2%
Toni
75.7%
Timothy
74.5%
% Correct
Telly
73%
Toshiro
70.3%
Tyne
64.5%
Thelonious
64%
Thelma
62.9%
Toussaint
61.7%
Tenzing
61.3%
Thor
60.9%
Trevor
57.4%
Tycho
46.9%
Túpac
42%
Trygve
36.6%
Toomas
34.3%
Thein
33.4%
Tarja
27.3%

You're not logged in!

Compare scores with friends on all Sporcle quizzes.
Sign Up with Email
OR
Log In

You Might Also Like...

Show Comments

Extras

Top Quizzes Today


Score Distribution

Your Account Isn't Verified!

In order to create a playlist on Sporcle, you need to verify the email address you used during registration. Go to your Sporcle Settings to finish the process.